| 000 | 01377pam a2200385 a 4500 | ||
|---|---|---|---|
| 999 |
_c29161 _d29132 |
||
| 001 | 016004934 | ||
| 003 | EG-ScBUE | ||
| 005 | 20210608100628.0 | ||
| 008 | 111222s2012 enkacf f 001 0 eng d | ||
| 020 | _a9780857892812 (pbk.) | ||
| 040 |
_aStDuBDS _beng _erda _cStDuBDS _dUk _dEG-ScBUE |
||
| 082 | 0 | 4 |
_a336.41092 _bDAR _222 |
| 100 | 1 |
_aDarling, Alistair, _eauthor. |
|
| 245 | 1 | 0 |
_aBack from the brink / _cAlistair Darling. |
| 250 | _aUpdated edition. | ||
| 264 | 1 |
_aLondon : _bAtlantic Books, _c2012. |
|
| 300 |
_axxiii, 339 pages, [8] pages of plates : _bcolor illustrations, color portraits ; _c20 cm |
||
| 336 |
_atext _2rdacontent _btxt |
||
| 337 |
_aunmediated _2rdamedia _bn |
||
| 338 |
_avolume _2rdacarrier _bnc |
||
| 500 | _aPrevious ed.: 2011. | ||
| 500 | _aIncludes index. | ||
| 500 |
_aFormerly CIP. _5Uk |
||
| 600 | 1 | 7 |
_aDarling, Alistair. _2BUEsh |
| 650 | 7 |
_aFinancial crises _zGreat Britain _xHistory _y21st century. _2BUEsh |
|
| 650 | 7 |
_aGlobal Financial Crisis, 2008-2009. _2BUEsh |
|
| 651 | 7 |
_aGreat Britain _xEconomic conditions _y1997- _2BUEsh |
|
| 651 | 7 |
_aGreat Britain _xEconomic policy _y1997- _2BUEsh |
|
| 651 | 7 |
_aGreat Britain _xPolitics and government _y2007- _2BUEsh |
|
| 653 |
_bBUSECO _cJune2021 |
||
| 655 |
_vReading book _934232 |
||
| 942 |
_2ddc _cBB |
||